Prístup k spravodlivosti - bariéry a východiská verejná kontrola verejnej moci : európske súdne inštitúcie : [zborník príspevkov zo siedmej pracovnej konferencie konanej v dňoch 19.-20. novembra 2007 v Pezinku]

Podrobná bibliografia
Korporatívny autor: Prístup k spravodlivosti - bariéry a východiská Pezinok, Slovensko
Ďalší autori: Čaputová, Zuzana, 1973- (Zostavovateľ, kompilátor), Štoffa, Martin (Zostavovateľ, kompilátor)
Médium: Konferenčný príspevok Kniha
Jazyk:slovenčina
čeština
Fyzický popis:55 s. 30 cm
Vydavateľské údaje: Banská Bystrica VIA IURIS - Centrum pre práva občana 2007
ISBN:9788096984282 (brož.)
Vydanie:1. vyd.
Predmet:
On-line prístup:http://www.viaiuris.sk

MARC

LEADER 00000cam a2200000 a 4500
001 vtls009191657
003 SK-MaSNL
005 20260301045226.0
008 220720s2007 xo l f 100 0 slo
015 |a SNBA2008/04-01719 
020 |a 9788096984282 (brož.) 
035 |a 81ecc769-a8ae-49ec-b1d9-78cb1c7dedbe 
035 |a urn:nbn:sk:snk-amjsc3 
035 |a urn:nbn:sk:snk:ar-a0cd3b 
040 |a SNK  |b slo  |c SNK  |e AACR2 
041 0 |a slo  |a cze 
044 |a xo  |c SK 
072 7 |a 342  |x Ústavné právo. Správne právo  |2 konspekt 
080 |a 35  |2 2001 
080 |a 34  |2 2001 
080 |a 342  |2 2001 
080 |a 340.114  |2 2001 
080 |a 342.7  |2 2001 
080 |a (062.534)  |2 2001 
111 2 |a Prístup k spravodlivosti - bariéry a východiská  |n (7. :  |d 2007 :  |c Pezinok, Slovensko)  |9 113787 
245 1 0 |a Prístup k spravodlivosti - bariéry a východiská  |b verejná kontrola verejnej moci : európske súdne inštitúcie : [zborník príspevkov zo siedmej pracovnej konferencie konanej v dňoch 19.-20. novembra 2007 v Pezinku]  |c [spracovali: Zuzana Čaputová, Martin Štoffa] 
250 |a 1. vyd. 
260 |a Banská Bystrica  |b VIA IURIS - Centrum pre práva občana  |c 2007 
300 |a 55 s.  |c 30 cm 
546 |a Text aj čes. 
650 0 7 |a verejná správa  |x právne aspekty  |2 SNKPH  |9 352945 
650 0 7 |a verejné právo  |2 SNKPH  |9 985 
650 0 7 |a ochrana ľudských práv  |2 SNKPH  |9 4034 
650 0 7 |a spravodlivosť  |2 SNKPH  |9 2634 
650 0 7 |a Public administration  |x legal aspects  |2 SNKPHeng  |9 352946 
650 0 7 |a Public law  |2 SNKPHeng  |9 319053 
650 0 7 |a Justice  |2 SNKPHeng  |9 335336 
650 0 7 |a Human rights protection  |2 SNKPHeng  |9 265726 
650 0 7 |a ľudské práva  |2 SNKPH  |9 798 
650 0 7 |a občianske práva  |2 SNKPH  |9 2254 
650 0 7 |a verejná moc  |2 SNKBUCL  |9 352947 
650 0 7 |a verejná kontrola  |2 SNKBUCL  |9 352948 
650 0 7 |a verejná správa  |2 SNKPH  |9 1538 
650 0 7 |a verejní činitelia  |2 SNKBUCL  |9 78621 
655 7 |a zborníky konferencií  |2 SNKPH  |9 70153 
655 7 |a Proceedings of conferences  |2 SNKPHeng  |9 265791 
655 7 |a issue_zb  |2 SNK  |9 276493 
700 1 |a Čaputová, Zuzana,  |d 1973-  |4 com  |9 117418 
700 1 |a Štoffa, Martin  |4 com  |9 352949 
856 4 |u http://www.viaiuris.sk 
919 |a 978-80-969842-8-2 
954 |a odborná, vedecká literatúra pôvodná (slovenská)  |2 lita 
958 |a ART 
958 |a OND 
968 |d 34 
999 |c 597842  |d 599772 
952 |a SNK  |b SNK  |y PREZ  |7 0  |p 17A0583029  |o snkSB 75841  |i snk2008/6385  |8 0  |0 0  |1 0  |4 0  |d 2008-03-13  |f 1  |l 0  |r 2025-04-28 00:00:00  |w 2026-02-23 
952 |a SNK  |b SNK  |y VYP  |7 0  |p 17A0583030  |o snkSB 75841 D1  |i snk2008/6387  |8 0  |0 0  |1 0  |4 0  |d 2008-03-13  |l 0  |r 2016-06-30 00:00:00  |w 2026-02-23